000 01223nam a2200289 4500
008 s1998 fr fre u
040 _aLB-BrCRDP
082 1 _a541
_bGal
100 1 _aLydia, Bretos
245 1 0 _aDes faits aux phénomènes (3): La lumière piégée- Céramique, Verre et Cie - Jeux célestes : vidéocasette
_cLydia Bretos, Michel Vérot
260 _aParis
_bCNDP video
_c1998
260 _aParis
_bSavoir Collège
300 _a13mn
490 1 _aGalilée
520 _aDes faits aux phénomènes : les grands phénomènes physiques et chimiques à travers le travail de scientifiques et une expérience traitée de façon humoristique. une vidéocasssette de tros émissions de 13 mn.
650 4 _aL'air qui nous entoure
650 4 _aNotre environnement ( synthèse )
650 4 _aAtomes et molécules
650 4 _aStructures cristallines
650 4 _aLa lumière et les couleurs
650 4 _aPropriétés et utilisations des matériaux
650 4 _aTrajectoires et vitesses
700 1 _aMichel, Vérot
830 0 _aGalilée
_pL'émission du CNDP et de la cinquième pour les écoles et les collèges
942 _cBK
999 _c8846
_d8846